[Event "Pardubice op rapid 29th"]
[Site "Pardubice"]
[Date "2018.07.19"]
[Round "9"]
[White "Khmelev, Mikhail"]
[Black "Vinklarek, Ondrej"]
[Result "1/2-1/2"]
[WhiteElo "1972"]
[BlackElo "2071"]
[PlyCount "109"]
[EventDate "2018.07.18"]
[EventType "swiss (rapid)"]
[EventRounds "9"]
[EventCountry "CZE"]
[SourceTitle "CBM 185 Extra"]
[Source "ChessBase"]
[SourceDate "2018.07.29"]
[SourceVersion "1"]
[SourceVersionDate "2018.07.29"]
[SourceQuality "1"]

1. e4 d5 2. exd5 Qxd5 3. Nf3 Nf6 4. Be2 Bg4 5. 0-0 e6 6. Nc3 Qd8 7. Ne5 Bxe2 8. Qxe2 Be7 9. Qb5+ Nbd7 10. Nxd7 Qxd7 11. Qxb7 0-0 12. d3 Bd6 13. Qf3 Rab8 14. Re1 Rb4 15. b3 Rg4 16. h3 Rg6 17. Bb2 Bb4 18. Re2 Qd4 19. Na4 Qh4 20. Be5 Nd5 21. Re4 Qg5 22. h4 Qe7 23. c4 Nf6 24. Rf4 Nd7 25. Bb2 Bd6 26. Rg4 Ne5 27. Bxe5 Bxe5 28. Re1 Bf6 29. h5 Rxg4 30. Qxg4 h6 31. d4 Qa3 32. Nc5 Rd8 33. Ne4 Bxd4 34. Qe2 Qe7 35. Rd1 f5 36. Ng3 Qf6 37. Re1 e5 38. Qf3 Rf8 39. Qd5+ Kh8 40. Ne2 Rd8 41. Qb5 Qd6 42. Nxd4 exd4 43. Qxf5 d3 44. Rd1 d2 45. Kf1 Qd4 46. Qf3 Qb2 47. a4 Qc2 48. g4 Kg8 49. Kg2 Kh8 50. g5 hxg5 51. h6 gxh6 52. Qf6+ Kh7 53. Qe7+ Kg6 54. Qe6+ Kg7 55. Qe7+ 1/2-1/2

[Event "Pardubice op rapid 29th"]
[Site "Pardubice"]
[Date "2018.07.19"]
[Round "7"]
[White "Kulkarni, Chinmay"]
[Black "Vinklarek, Ondrej"]
[Result "1-0"]
[WhiteElo "2336"]
[BlackElo "2071"]
[PlyCount "119"]
[EventDate "2018.07.18"]
[EventType "swiss (rapid)"]
[EventRounds "9"]
[EventCountry "CZE"]
[SourceTitle "CBM 185 Extra"]
[Source "ChessBase"]
[SourceDate "2018.07.29"]
[SourceVersion "1"]
[SourceVersionDate "2018.07.29"]
[SourceQuality "1"]

1. e4 c6 2. d4 d5 3. Nd2 dxe4 4. Nxe4 Bf5 5. Ng3 Bg6 6. Nh3 e6 7. Nf4 Bd6 8. c3 Nf6 9. h4 Qc7 10. Qf3 Nbd7 11. h5 Bc2 12. h6 g6 13. Bd3 Bxd3 14. Nxd3 0-0-0 15. Bg5 Be7 16. 0-0 Rhf8 17. Rfe1 Nd5 18. Ne4 f5 19. Bxe7 fxe4 20. Bxd8 Qxd8 21. Qxe4 Qg5 22. Qxe6 Qxh6 23. Nc5 Rd8 24. Nxd7 Rxd7 25. Qg4 a6 26. Re8+ Kc7 27. Qg3+ Kb6 28. Rae1 Rf7 29. c4 Nf4 30. c5+ Ka7 31. R8e7 Rxe7 32. Rxe7 Nd5 33. Rf7 Qc1+ 34. Kh2 Qxb2 35. Qb3 Qxb3 36. axb3 h5 37. Rg7 Nf4 38. g3 Ne2 39. d5 cxd5 40. c6 Kb8 41. Rxb7+ Kc8 42. Ra7 Nd4 43. Rxa6 Nxb3 44. Ra8+ Kc7 45. Rg8 d4 46. Kg2 Kxc6 47. Rxg6+ Kd5 48. Rg5+ Kc4 49. Rxh5 d3 50. Kf3 Kc3 51. g4 d2 52. Rd5 Kc2 53. g5 d1Q+ 54. Rxd1 Kxd1 55. g6 Nd4+ 56. Ke4 Ne6 57. Ke5 Ng7 58. f4 Ke2 59. f5 Kf3 60. f6 1-0

[Event "Pardubice op rapid 29th"]
[Site "Pardubice"]
[Date "2018.07.19"]
[Round "5"]
[White "Zaitsev, Alexander"]
[Black "Vinklarek, Ondrej"]
[Result "1-0"]
[WhiteElo "2499"]
[BlackElo "2071"]
[PlyCount "71"]
[EventDate "2018.07.18"]
[EventType "swiss (rapid)"]
[EventRounds "9"]
[EventCountry "CZE"]
[SourceTitle "CBM 185 Extra"]
[Source "ChessBase"]
[SourceDate "2018.07.29"]
[SourceVersion "1"]
[SourceVersionDate "2018.07.29"]
[SourceQuality "1"]

1. e4 c5 2. Nf3 d6 3. d4 cxd4 4. Qxd4 Nc6 5. Bb5 Bd7 6. Bxc6 Bxc6 7. Nc3 e5 8. Qd3 Be7 9. 0-0 g5 10. Nd2 h5 11. Nc4 Qc7 12. b4 b6 13. Rd1 0-0-0 14. Ne3 Nh6 15. Ncd5 Qb7 16. a4 Ng4 17. Nf5 Bf8 18. c4 Bxd5 19. cxd5 f6 20. a5 Nh6 21. axb6 axb6 22. Ne3 Be7 23. Nc4 Kd7 24. Be3 Ke8 25. Nxb6 Kf7 26. Nc4 Rhf8 27. Ra7 Qb8 28. Na5 Rc8 29. Nc6 Rxc6 30. dxc6 Ng4 31. Qd5+ Kg6 32. Rxe7 Qxb4 33. c7 Qa4 34. h3 Nh6 35. Rc1 Rc8 36. Qb7 1-0

[Event "Pardubice op rapid 29th"]
[Site "Pardubice"]
[Date "2018.07.18"]
[Round "3"]
[White "Houzva, Viktor"]
[Black "Vinklarek, Ondrej"]
[Result "0-1"]
[WhiteElo "1939"]
[BlackElo "2071"]
[PlyCount "28"]
[EventDate "2018.07.18"]
[EventType "swiss (rapid)"]
[EventRounds "9"]
[EventCountry "CZE"]
[SourceTitle "CBM 185 Extra"]
[Source "ChessBase"]
[SourceDate "2018.07.29"]
[SourceVersion "1"]
[SourceVersionDate "2018.07.29"]
[SourceQuality "1"]

1. e4 d5 2. exd5 Qxd5 3. Nf3 Nf6 4. d4 e6 5. c4 Qd8 6. Be2 c5 7. 0-0 Nc6 8. dxc5 Qxd1 9. Rxd1 Bxc5 10. Nc3 0-0 11. Bg5 Ng4 12. Ne4 Bb6 13. h3 f5 14. hxg4 fxe4 0-1

[Event "Pardubice op rapid 28th"]
[Site "Pardubice"]
[Date "2017.07.20"]
[Round "4"]
[White "Vinklarek, Ondrej"]
[Black "Galchenko, Vadim"]
[Result "1-0"]
[WhiteElo "2147"]
[BlackElo "2081"]
[PlyCount "41"]
[EventDate "2017.07.19"]
[EventType "swiss (rapid)"]
[EventRounds "9"]
[EventCountry "CZE"]
[SourceTitle "CBM 179 Extra"]
[Source "ChessBase"]
[SourceDate "2017.08.23"]
[SourceVersion "1"]
[SourceVersionDate "2017.08.23"]
[SourceQuality "1"]

1. e4 e6 2. b3 d5 3. Bb2 dxe4 4. Nc3 Nf6 5. g4 b6 6. Bg2 Bb7 7. g5 Nd5 8. Nxe4 Nd7 9. Ne2 Be7 10. h4 f5 11. N4g3 0-0 12. f4 e5 13. 0-0 Bc5+ 14. d4 exd4 15. Bxd4 Ne3 16. Bxe3 Bxe3+ 17. Kh2 Bxg2 18. Kxg2 Nc5 19. Rf3 Qe7 20. Qd5+ Kh8 21. Nxf5 1-0

[Event "Pardubice op rapid 28th"]
[Site "Pardubice"]
[Date "2017.07.20"]
[Round "7"]
[White "Vinklarek, Ondrej"]
[Black "Rosko, Lubos"]
[Result "0-1"]
[WhiteElo "2147"]
[BlackElo "2308"]
[PlyCount "142"]
[EventDate "2017.07.19"]
[EventType "swiss (rapid)"]
[EventRounds "9"]
[EventCountry "CZE"]
[SourceTitle "CBM 179 Extra"]
[Source "ChessBase"]
[SourceDate "2017.08.23"]
[SourceVersion "1"]
[SourceVersionDate "2017.08.23"]
[SourceQuality "1"]

1. e4 c5 2. Nc3 e6 3. f4 d5 4. Nf3 dxe4 5. Nxe4 Nf6 6. Nf2 Nc6 7. g3 Be7 8. Bg2 0-0 9. 0-0 Qc7 10. b3 b6 11. Bb2 Bb7 12. Nd3 Rad8 13. Nde5 Nd4 14. Rc1 Nd7 15. Nxd4 cxd4 16. Bxd4 Bxg2 17. Kxg2 Nxe5 18. Bxe5 Qc6+ 19. Kh3 f6 20. Bb2 Rd5 21. d3 Rc8 22. Qf3 Qd7 23. Kg2 Ra5 24. a3 Bxa3 25. Bxa3 Rxa3 26. Qe4 Ra2 27. Rf2 Qc6 28. Qxc6 Rxc6 29. c4 Ra3 30. Rb1 Kf7 31. Kf3 a5 32. Ke4 Rd6 33. Rc2 f5+ 34. Ke3 Rc6 35. d4 a4 36. Rc3 axb3 37. Rcxb3 Rxb3+ 38. Rxb3 Rxc4 39. Rxb6 Rc3+ 40. Kd2 Ra3 41. Rb2 h6 42. Ke2 g5 43. fxg5 hxg5 44. Rd2 Kf6 45. Kf2 Ke7 46. Ke2 Kd6 47. Kf2 Kd5 48. Ke2 Ke4 49. Kf2 g4 50. Re2+ Kd5 51. Re5+ Kd6 52. Re3 Ra4 53. Rd3 Ra2+ 54. Ke3 Rxh2 55. Kf4 Rf2+ 56. Kg5 Rf3 57. Rd1 Rxg3 58. d5 Rf3 59. dxe6+ Kxe6 60. Re1+ Kd5 61. Kh4 Kd4 62. Kg5 Kd3 63. Kh4 Kd2 64. Re8 g3 65. Kh3 f4 66. Kg2 Rf2+ 67. Kg1 Re2 68. Ra8 f3 69. Ra2+ Ke3 70. Ra1 Rd2 71. Rb1 Ke2 0-1

[Event "Pardubice op rapid 28th"]
[Site "Pardubice"]
[Date "2017.07.19"]
[Round "1"]
[White "Tilicheev, Viacheslav"]
[Black "Vinklarek, Ondrej"]
[Result "1/2-1/2"]
[WhiteElo "2497"]
[BlackElo "2147"]
[PlyCount "95"]
[EventDate "2017.07.19"]
[EventType "swiss (rapid)"]
[EventRounds "9"]
[EventCountry "CZE"]
[SourceTitle "CBM 179 Extra"]
[Source "ChessBase"]
[SourceDate "2017.08.23"]
[SourceVersion "1"]
[SourceVersionDate "2017.08.23"]
[SourceQuality "1"]

1. e4 c5 2. Nf3 Nc6 3. d4 cxd4 4. Nxd4 Nf6 5. Nc3 e5 6. Ndb5 d6 7. Nd5 Nxd5 8. exd5 Nb8 9. Qf3 Be7 10. Qc3 Na6 11. Be3 0-0 12. Nxa7 Bd7 13. Be2 f5 14. f3 Nc5 15. Bxc5 dxc5 16. Nb5 e4 17. 0-0 Bf6 18. Qb3 e3 19. f4 Kh8 20. Kh1 Re8 21. Nd6 Re7 22. Nxb7 Qb8 23. Nxc5 Qa7 24. d6 Ree8 25. Nxd7 Qxd7 26. Bb5 Qxd6 27. Bxe8 Rxe8 28. Qf7 Rf8 29. Rad1 e2 30. Qh5 exf1Q+ 31. Rxf1 Bxb2 32. Qf3 h6 33. a4 Rc8 34. Rd1 Qc6 35. Qb3 Qc3 36. a5 Kh7 37. a6 Qxc2 38. Qf3 Qa4 39. Qd3 Qa5 40. h4 Ra8 41. Rb1 Bf6 42. Kh2 Rxa6 43. Rb5 Qd8 44. Qxf5+ Kg8 45. h5 Rd6 46. Qb1 Qe7 47. Qf5 Rd8 48. Rb6 1/2-1/2

[Event "Pardubice op rapid 27th"]
[Site "Pardubice"]
[Date "2016.07.20"]
[Round "1"]
[White "Lugovskoy, Maxim"]
[Black "Vinklarek, Ondrej"]
[Result "1/2-1/2"]
[WhiteElo "2458"]
[BlackElo "2148"]
[PlyCount "99"]
[EventDate "2016.07.20"]
[EventType "swiss (rapid)"]
[EventRounds "9"]
[EventCountry "CZE"]
[SourceTitle "CBM 173 Extra"]
[Source "ChessBase"]
[SourceDate "2016.08.29"]
[SourceVersion "1"]
[SourceVersionDate "2016.08.29"]
[SourceQuality "1"]

1. d4 d6 2. e4 Nf6 3. Nc3 Nbd7 4. Nf3 e5 5. Bc4 Be7 6. 0-0 h6 7. Re1 g5 8. Be3 g4 9. Nh4 Nf8 10. Nf5 Ng6 11. dxe5 Nxe5 12. Bb3 h5 13. Qd2 Nxe4 14. Nxe4 Bxf5 15. Bd4 Kf8 16. Rad1 Qc8 17. Ng3 Bg6 18. Bxe5 dxe5 19. Rxe5 Bd6 20. Rd5 h4 21. Ne2 Qe8 22. Nf4 Qe4 23. Nxg6+ Qxg6 24. c4 b6 25. Bc2 Qf6 26. Rf5 Qg7 27. c5 bxc5 28. Bb3 f6 29. Qc3 Rh6 30. Re1 Re8 31. Rxe8+ Kxe8 32. Rd5 g3 33. fxg3 hxg3 34. h3 Qe7 35. Rd1 Rh4 36. Bd5 Be5 37. Qb3 Rb4 38. Qf3 Rd4 39. Bc6+ Kf8 40. Re1 Rf4 41. Qd1 Qd6 42. Qxd6+ cxd6 43. b3 Rf2 44. a4 Kg7 45. Bf3 Rb2 46. Bd5 Rd2 47. Bf3 Rb2 48. Bd5 Rd2 49. Bf3 Rb2 50. Bd5 1/2-1/2

[Event "CZE-chT2C 0910"]
[Site "Czech Republic"]
[Date "2010.01.31"]
[Round "6.3"]
[White "Vodicka, Vlastimil"]
[Black "Vinklarek, Ondrej"]
[Result "1/2-1/2"]
[WhiteElo "2191"]
[BlackElo "2176"]
[PlyCount "62"]
[EventDate "2009.10.18"]
[EventType "team-tourn"]
[EventRounds "11"]
[EventCountry "CZE"]
[SourceTitle "EXT 2011"]
[Source "ChessBase"]
[SourceDate "2010.11.26"]
[SourceVersion "1"]
[SourceVersionDate "2010.11.26"]
[SourceQuality "1"]
[WhiteTeam "Mlada Boleslav"]
[BlackTeam "Kutna Hora"]
[WhiteTeamCountry "CZE"]
[BlackTeamCountry "CZE"]

1. d4 Nf6 2. Nf3 g6 3. c4 Bg7 4. Nc3 0-0 5. e4 d6 6. Be2 e5 7. 0-0 Nc6 8. Be3 Ng4 9. Bg5 f6 10. Bh4 g5 11. Bg3 Nh6 12. d5 Ne7 13. Nd2 f5 14. f3 f4 15. Bf2 Ng6 16. b4 Rf7 17. c5 Bf8 18. Rc1 Rg7 19. cxd6 Bxd6 20. a3 Nf7 21. Nb5 h5 22. Nc4 Nf8 23. Ncxd6 Nxd6 24. Nxd6 cxd6 25. h3 Nh7 26. Rc3 g4 27. fxg4 Nf6 28. Bh4 Qb6+ 29. Bf2 Qd8 30. Bh4 Qb6+ 31. Bf2 Qd8 1/2-1/2

[Event "CZE-chT2C 0910"]
[Site "Czech Republic"]
[Date "2009.10.18"]
[Round "1.3"]
[White "Erneker, Josef"]
[Black "Vinklarek, Ondrej"]
[Result "1-0"]
[WhiteElo "2283"]
[BlackElo "2176"]
[PlyCount "45"]
[EventDate "2009.10.18"]
[EventType "team-tourn"]
[EventRounds "11"]
[EventCountry "CZE"]
[SourceTitle "EXT 2011"]
[Source "ChessBase"]
[SourceDate "2010.11.26"]
[SourceVersion "1"]
[SourceVersionDate "2010.11.26"]
[SourceQuality "1"]
[WhiteTeam "Praha Oaza"]
[BlackTeam "Kutna Hora"]
[WhiteTeamCountry "CZE"]
[BlackTeamCountry "CZE"]

1. e4 g6 2. d4 Bg7 3. Be2 d6 4. Nf3 c6 5. 0-0 Nf6 6. Nc3 b5 7. a3 0-0 8. Bf4 Nbd7 9. Qd2 a6 10. Rad1 Bb7 11. e5 dxe5 12. dxe5 Nd5 13. Bg3 f6 14. Nd4 Nc5 15. Bf3 e6 16. Rfe1 f5 17. b4 Nxc3 18. Qxc3 Na4 19. Qb3 Qe7 20. Nxe6 Rf7 21. Nxg7 Kxg7 22. e6 Re8 23. Be5+ 1-0

[Event "Pardubice Czech op2"]
[Site "Pardubice"]
[Date "2007.07.14"]
[Round "5"]
[White "Vinklarek, Ondrej"]
[Black "Vanek, Petr"]
[Result "0-1"]
[WhiteElo "2099"]
[BlackElo "2202"]
[PlyCount "101"]
[EventDate "2007.07.12"]
[EventType "swiss"]
[EventRounds "7"]
[EventCountry "CZE"]
[SourceTitle "EXT 2008"]
[Source "ChessBase"]
[SourceDate "2007.11.25"]
[SourceVersion "1"]
[SourceVersionDate "2007.11.25"]
[SourceQuality "1"]

1. Nf3 g6 2. e4 Bg7 3. d4 c5 4. Nc3 Nc6 5. Be3 cxd4 6. Nxd4 Nf6 7. Nb3 d6 8. Be2 0-0 9. g4 d5 10. exd5 Nb4 11. Bf3 Nxg4 12. Bxg4 Bxg4 13. Qxg4 Nxc2+ 14. Ke2 Nxa1 15. Rxa1 Bxc3 16. bxc3 Qxd5 17. Rd1 Qc6 18. Qd4 Qb5+ 19. Kf3 Qh5+ 20. Kg2 e5 21. Qd5 Qg4+ 22. Kh1 Rad8 23. Qxd8 Rxd8 24. Rxd8+ Kg7 25. Nc5 h5 26. Nd3 f6 27. Bc5 h4 28. f3 Qxf3+ 29. Kg1 h3 30. Ne1 Qg4+ 31. Kf2 Qh4+ 32. Ke2 Qc4+ 33. Nd3 e4 34. Be3 exd3+ 35. Rxd3 Qxa2+ 36. Rd2 Qc4+ 37. Ke1 Qxc3 38. Bd4 Qc1+ 39. Ke2 a5 40. Kd3 b5 41. Rf2 Qb1+ 42. Ke3 Kf7 43. Rxf6+ Ke7 44. Rb6 b4 45. Kf4 Qf5+ 46. Ke3 Qd5 47. Rxg6 Qb3+ 48. Kf4 Qd3 49. Rg7+ Ke6 50. Be3 Qf5+ 51. Kg3 0-1

[Event "Czechia KP-chTB 0607"]
[Site "Czech Republic"]
[Date "2007.01.21"]
[Round "6.7"]
[White "Vinklarek, Ondrej"]
[Black "Riha, Jaroslav"]
[Result "1/2-1/2"]
[WhiteElo "2078"]
[BlackElo "2075"]
[PlyCount "85"]
[EventDate "2006.10.29"]
[EventType "team"]
[EventRounds "11"]
[EventCountry "CZE"]
[SourceTitle "EXT 2008"]
[Source "ChessBase"]
[SourceDate "2007.11.25"]
[SourceVersion "1"]
[SourceVersionDate "2007.11.25"]
[SourceQuality "1"]
[WhiteTeam "Kutna Hora"]
[BlackTeam "Ricany II"]
[WhiteTeamCountry "CZE"]
[BlackTeamCountry "CZE"]

1. c4 Nf6 2. Nc3 g6 3. Nf3 Bg7 4. d4 0-0 5. Bf4 d6 6. e3 Nh5 7. Bg5 h6 8. Bh4 f5 9. Bd3 a6 10. Nd2 Nf6 11. Qe2 e5 12. Bxf6 Bxf6 13. d5 Nd7 14. g4 Nc5 15. gxf5 Nxd3+ 16. Qxd3 Bxf5 17. e4 Bg4 18. Qg3 Bh5 19. h4 Qe7 20. Nd1 Kh7 21. Ne3 Rf7 22. f3 Raf8 23. 0-0-0 Bg7 24. Rdf1 Rf4 25. Ng2 R4f7 26. Qh3 Qd7 27. Qxd7 Rxd7 28. Kd1 Rdf7 29. Ke2 Bf6 30. Ne3 Be7 31. Rf2 Rf4 32. Ng2 R4f7 33. Rff1 Rg7 34. Ne3 Rf4 35. Ng2 Rf8 36. Rh3 Rgf7 37. Ne3 Rf4 38. Ng2 R4f7 39. Ne3 Rg8 40. Rfh1 Rgf8 41. Rf1 Rf4 42. Ng2 R4f7 43. Ne3 1/2-1/2

[Event "Ostrava Konik op-A"]
[Site "Ostrava"]
[Date "2007.??.??"]
[Round "4"]
[White "Brazina, David"]
[Black "Vinklarek, Ondrej"]
[Result "0-1"]
[WhiteElo "1825"]
[BlackElo "2075"]
[PlyCount "138"]
[EventDate "2007.05.??"]
[EventType "swiss"]
[EventRounds "9"]
[EventCountry "CZE"]
[SourceTitle "EXT 2010"]
[Source "ChessBase"]
[SourceDate "2010.11.25"]
[SourceVersion "1"]
[SourceVersionDate "2010.11.25"]
[SourceQuality "1"]

1. e4 c5 2. Nf3 d6 3. d4 cxd4 4. c3 Nf6 5. e5 dxe5 6. Nxe5 e6 7. Bb5+ Nbd7 8. 0-0 Be7 9. cxd4 0-0 10. Nc3 Nb6 11. Bg5 Nbd5 12. Bd3 a6 13. Rc1 Nxc3 14. bxc3 Nd7 15. Bxe7 Qxe7 16. Qh5 g6 17. Qe2 Nxe5 18. Qxe5 Rd8 19. Be4 Qd6 20. Qf6 Rb8 21. h4 b5 22. h5 Bb7 23. Rfe1 Bxe4 24. Rxe4 Qf8 25. hxg6 hxg6 26. Rce1 Qg7 27. Qe7 Qf8 28. Qg5 Rbc8 29. R1e3 Rd5 30. Re5 Rd7 31. Rf3 Qd8 32. Qh6 Qf8 33. Qe3 Rd6 34. Rh3 Rdc6 35. Qd2 Qg7 36. Rhe3 Rd6 37. a4 bxa4 38. Ra5 Rb8 39. Rxa4 Qh6 40. Qa2 Rdb6 41. Re1 Rb2 42. Qc4 Kg7 43. d5 Rh8 44. Qd4+ Kg8 45. Qxh8+ Kxh8 46. dxe6 fxe6 47. Rxa6 Qd2 48. Rf1 Qe2 49. Ra7 Rd2 50. Rc7 Rd1 51. Rc8+ Kg7 52. Rxd1 Qxd1+ 53. Kh2 Qd7 54. Rc4 Kf6 55. Rf4+ Kg5 56. Rf3 e5 57. Re3 Kf5 58. Rf3+ Ke6 59. Rg3 Qg7 60. Re3 Kd5 61. Rg3 e4 62. Re3 Qh6+ 63. Kg1 Qf4 64. Rg3 g5 65. Re3 Kc4 66. Rg3 Qxg3 67. fxg3 Kxc3 68. Kf1 Kd2 69. Kf2 e3+ 0-1

[Event "Ostrava Konik op-A"]
[Site "Ostrava"]
[Date "2007.??.??"]
[Round "1"]
[White "Vinklarek, Ondrej"]
[Black "Heinzel, Olaf"]
[Result "0-1"]
[WhiteElo "2078"]
[BlackElo "2403"]
[PlyCount "46"]
[EventDate "2007.05.??"]
[EventType "swiss"]
[EventRounds "9"]
[EventCountry "CZE"]
[SourceTitle "EXT 2010"]
[Source "ChessBase"]
[SourceDate "2010.11.25"]
[SourceVersion "1"]
[SourceVersionDate "2010.11.25"]
[SourceQuality "1"]

1. e4 d5 2. exd5 Qxd5 3. Nc3 Qd6 4. d4 Nf6 5. Bd3 a6 6. Nge2 b5 7. Bf4 Qb6 8. Ne4 Nbd7 9. c3 Bb7 10. N2g3 e6 11. 0-0 h5 12. Re1 h4 13. Nxf6+ gxf6 14. Ne4 Be7 15. b4 Qc6 16. f3 Rg8 17. Kf2 Nb6 18. Nc5 Nd5 19. Be4 0-0-0 20. Qb3 f5 21. Bxd5 Rxd5 22. a4 Rxc5 23. bxc5 Rxg2+ 0-1

[Event "Ostrava Konik op-A"]
[Site "Ostrava"]
[Date "2007.??.??"]
[Round "3"]
[White "Vinklarek, Ondrej"]
[Black "Port, Josef"]
[Result "0-1"]
[WhiteElo "2070"]
[BlackElo "1965"]
[PlyCount "94"]
[EventDate "2007.05.??"]
[EventType "swiss"]
[EventRounds "9"]
[EventCountry "CZE"]
[SourceTitle "EXT 2010"]
[Source "ChessBase"]
[SourceDate "2010.11.25"]
[SourceVersion "1"]
[SourceVersionDate "2010.11.25"]
[SourceQuality "1"]

1. e4 Nf6 2. e5 Nd5 3. d4 d6 4. Bc4 Nb6 5. Bb3 dxe5 6. Qh5 e6 7. dxe5 c5 8. c3 Nc6 9. Nf3 Qc7 10. 0-0 Be7 11. Re1 g6 12. Qh6 Bd7 13. Na3 a6 14. Ng5 Bf8 15. Qh4 Ne7 16. Qf4 Nf5 17. g4 h6 18. Nxf7 g5 19. Qe4 Bc6 20. Qd3 Qxf7 21. gxf5 Qxf5 22. Qxf5 exf5 23. f4 Be7 24. Bc2 gxf4 25. Bxf4 Nd5 26. Bg3 f4 27. Bf2 Rg8+ 28. Kf1 b5 29. Rad1 0-0-0 30. Bf5+ Kc7 31. Nc2 Rgf8 32. Bg4 Ne3+ 33. Bxe3 fxe3+ 34. Kg1 Rg8 35. Nxe3 h5 36. h3 hxg4 37. hxg4 Bf3 38. Rxd8 Bxd8 39. Kf2 Bxg4 40. Rh1 Rf8+ 41. Ke1 Be6 42. Rh7+ Rf7 43. Rxf7+ Bxf7 44. a3 Be6 45. b4 Bg5 46. Nc2 Bb3 47. Na1 c4 0-1

[Event "Czechia KP-chTB 0607"]
[Site "Czech Republic"]
[Date "2006.12.10"]
[Round "4.7"]
[White "Mates, Miroslav"]
[Black "Vinklarek, Ondrej"]
[Result "0-1"]
[WhiteElo "1669"]
[BlackElo "2056"]
[PlyCount "56"]
[EventDate "2006.10.29"]
[EventType "team"]
[EventRounds "11"]
[EventCountry "CZE"]
[SourceTitle "EXT 2008"]
[Source "ChessBase"]
[SourceDate "2007.11.25"]
[SourceVersion "1"]
[SourceVersionDate "2007.11.25"]
[SourceQuality "1"]
[WhiteTeam "Nymburk Sokol"]
[BlackTeam "Kutna Hora"]
[WhiteTeamCountry "CZE"]
[BlackTeamCountry "CZE"]

1. g3 Nf6 2. Bg2 e5 3. e4 Bc5 4. c3 Nc6 5. h3 0-0 6. b4 Bb6 7. a4 a6 8. Na3 d5 9. Qc2 Be6 10. d3 d4 11. Ne2 dxc3 12. Qxc3 Nd4 13. Be3 c5 14. Kf1 Nb3 15. Rd1 Rc8 16. bxc5 Bxc5 17. Bxc5 Nxc5 18. Qxe5 Ncxe4 19. Bxe4 Nxe4 20. f3 Nf6 21. Kg2 Qe7 22. Qb2 Nd5 23. Rd2 Rfe8 24. Nd4 Qd7 25. Nxe6 Rxe6 26. Kf2 Rce8 27. Nb1 Qxa4 28. Nc3 Qd4+ 0-1

[Event "CZE-chT2c 0607"]
[Site "Czech Republic"]
[Date "2006.11.19"]
[Round "3.6"]
[White "Husarik, Branko"]
[Black "Vinklarek, Ondrej"]
[Result "1-0"]
[WhiteElo "2109"]
[BlackElo "2078"]
[PlyCount "85"]
[EventDate "2006.10.15"]
[EventType "team"]
[EventRounds "11"]
[EventCountry "CZE"]
[SourceTitle "EXT 2008"]
[Source "ChessBase"]
[SourceDate "2007.11.25"]
[SourceVersion "1"]
[SourceVersionDate "2007.11.25"]
[SourceQuality "1"]
[WhiteTeam "Lysa nad Labem"]
[BlackTeam "Vlasim"]
[WhiteTeamCountry "CZE"]
[BlackTeamCountry "CZE"]

1. e4 c5 2. Nf3 d6 3. b4 cxb4 4. a3 Nf6 5. d3 bxa3 6. Nxa3 g6 7. Bb2 Bg7 8. g3 0-0 9. Bg2 Qb6 10. Nc4 Qb4+ 11. c3 Qc5 12. 0-0 Bg4 13. Qb3 b5 14. Na5 Nbd7 15. Nd4 e5 16. Ndc6 Qb6 17. d4 Be2 18. Rfc1 Bc4 19. Qc2 Kh8 20. Qd2 Rfc8 21. Nb4 Nf8 22. d5 N8d7 23. Nbc6 Nc5 24. Ba3 Nd3 25. Nxc4 bxc4 26. Rcb1 Qc7 27. Qa2 Nd7 28. Qxc4 N3c5 29. Bh3 Re8 30. Bb4 Rf8 31. Bxd7 Nxd7 32. Nxe5 Qd8 33. Nxd7 Qxd7 34. Ra6 Rac8 35. Qd3 f5 36. Rxd6 fxe4 37. Rxd7 exd3 38. Bxf8 Rxf8 39. Rd1 a5 40. Rxd3 Ra8 41. c4 a4 42. d6 a3 43. Rxa3 1-0

[Event "Czechia KP-chTB 0607"]
[Site "Czech Republic"]
[Date "2006.10.29"]
[Round "1.7"]
[White "Vinklarek, Ondrej"]
[Black "Fojtu, Tomas"]
[Result "1-0"]
[WhiteElo "2078"]
[BlackElo "1608"]
[PlyCount "59"]
[EventDate "2006.10.29"]
[EventType "team"]
[EventRounds "11"]
[EventCountry "CZE"]
[SourceTitle "EXT 2008"]
[Source "ChessBase"]
[SourceDate "2007.11.25"]
[SourceVersion "1"]
[SourceVersionDate "2007.11.25"]
[SourceQuality "1"]
[WhiteTeam "Kutna Hora"]
[BlackTeam "Ricany III"]
[WhiteTeamCountry "CZE"]
[BlackTeamCountry "CZE"]

1. c4 e5 2. Nc3 d6 3. g3 Nf6 4. Bg2 c6 5. d4 Nbd7 6. e4 Be7 7. Nf3 0-0 8. 0-0 Ne8 9. Be3 f5 10. exf5 Rxf5 11. Bh3 Rf8 12. Bxd7 Bxd7 13. Nd2 exd4 14. Bxd4 c5 15. Be3 Bh3 16. Re1 Qd7 17. Nd5 Bd8 18. Bf4 g5 19. Be3 Ng7 20. Ne4 Bg4 21. Qd3 h6 22. Bd2 Bf3 23. Re3 Qf7 24. Nxd6 Qh5 25. Bc3 g4 26. Ne7+ Bxe7 27. Rxe7 Nf5 28. Nxf5 Rxf5 29. Rg7+ Kf8 30. Qd6+ 1-0

[Event "CZE-chT2c 0607"]
[Site "Czech Republic"]
[Date "2006.10.15"]
[Round "1.6"]
[White "Vesely, Tomas"]
[Black "Vinklarek, Ondrej"]
[Result "1-0"]
[WhiteElo "2144"]
[BlackElo "2078"]
[PlyCount "47"]
[EventDate "2006.10.15"]
[EventType "team"]
[EventRounds "11"]
[EventCountry "CZE"]
[SourceTitle "EXT 2008"]
[Source "ChessBase"]
[SourceDate "2007.11.25"]
[SourceVersion "1"]
[SourceVersionDate "2007.11.25"]
[SourceQuality "1"]
[WhiteTeam "AVE Kontakt"]
[BlackTeam "Vlasim"]
[WhiteTeamCountry "CZE"]
[BlackTeamCountry "CZE"]

1. e4 e6 2. d4 d5 3. exd5 exd5 4. Nc3 c6 5. Bf4 Nf6 6. Bd3 Bg4 7. f3 Bh5 8. Qd2 Bb4 9. 0-0-0 0-0 10. g4 Bg6 11. h4 Bxd3 12. Qxd3 Nbd7 13. h5 Qa5 14. Nge2 Nb6 15. g5 Nfd7 16. g6 Nc4 17. gxh7+ Kh8 18. Rdg1 Rae8 19. Qf5 Nxb2 20. Qg4 Rg8 21. hxg8Q+ Rxg8 22. Bh6 g5 23. hxg6 Rxg6 24. Qxd7 1-0

[Event "SVK-ch op-A"]
[Site "Banska Stiavnica"]
[Date "2006.07.08"]
[Round "1"]
[White "Stockova, Zuzana"]
[Black "Vinklarek, Ondrej"]
[Result "1-0"]
[WhiteElo "2364"]
[BlackElo "2074"]
[PlyCount "77"]
[EventDate "2006.07.08"]
[EventType "swiss"]
[EventRounds "9"]
[EventCountry "SVK"]
[SourceTitle "CBM 113 Extra"]
[Source "ChessBase"]
[SourceDate "2006.09.14"]
[SourceVersion "1"]
[SourceVersionDate "2006.09.14"]
[SourceQuality "1"]

1. e4 c5 2. Nf3 Nc6 3. Nc3 Nf6 4. Bb5 d5 5. exd5 Nxd5 6. Ne5 Qd6 7. Nxc6 bxc6 8. Be2 Qg6 9. Bf3 Bf5 10. d3 Rd8 11. Ne4 c4 12. 0-0 cxd3 13. cxd3 h5 14. Qa4 Bg4 15. Ng5 Rd7 16. h3 Bxf3 17. Nxf3 Qd6 18. Re1 f6 19. Qe4 c5 20. d4 c4 21. Qg6+ Kd8 22. Bd2 Rb7 23. Ba5+ Kd7 24. Qc2 g5 25. Qxc4 e6 26. Nd2 g4 27. h4 g3 28. f3 Qf4 29. Qa4+ Ke7 30. Re4 Qf5 31. Qc6 Rd7 32. Nc4 Bh6 33. Rae1 e5 34. Nxe5 Ne3 35. Nxd7+ Kf7 36. Bd2 Nd5 37. Bxh6 Rxh6 38. Qc8 Rh7 39. Ne5+ 1-0